Métodos matemáticos de estadística

Shranjeno v:
Bibliografske podrobnosti
Glavni avtor: Cramér, Harald (Author)
Format: Knjiga
Jezik:španščina
Izdano: Madrid Aguilar 1968
Izdaja:4a. ed
Teme:
Oznake: Označite
Brez oznak, prvi označite!

MARC

LEADER 00000cam a2200000 a 4500
001 UCW1050
003 CL-VaPUC
008 901008e19680000SP |||||||||||||||||spa|d
082 0 4 |a 519.5  |b CRA  |2 21 
100 |a Cramér, Harald  |e author  |9 430169 
245 1 0 |a Métodos matemáticos de estadística 
250 |a 4a. ed 
300 |a 660 p 
942 |c BK 
945 |d 19901008 00:00:00 
260 |a Madrid  |b Aguilar  |c 1968 
650 0 |a Estadística matemática  |9 260028 
583 |a last modification  |c 20121217 08:32:32  |k Rodrigo Vera 
999 |c 216028  |d 216026 
952 |0 0  |1 0  |4 0  |6 519_500000000000000_CRA_1968  |7 0  |8 A  |9 201393  |a BIBGIM  |b BIBGIM  |d 2019-11-14  |i 2685698  |o 519.5 CRA 1968  |p 2685698  |r 2025-01-15  |w 2019-11-14  |y BK  |k EST 
952 |0 0  |1 0  |4 0  |6 519_500000000000000_CRA_1968  |7 0  |8 A  |9 201394  |a BIBGIM  |b BIBGIM  |d 2019-11-14  |i 4918312  |o 519.5 CRA 1968  |p 4918312  |r 2025-01-15  |w 2019-11-14  |y BK  |k EST